Sparta : 1893-1978 : 85 let /

Hlavní autor: Nesnídal, Jiří, fotbal - Sparta
Další autoři: Pešta, Jaroslav, Purkyt, Karel
Jazyk: Čeština
Vydáno: Praha : Odbor přátel Sparty - Sparta-klub :Fotbalový oddíl TJ Sparta ČKD, [1978?]
Témata:
Fyzický popis: 59 s. : il. ; 24 cm
Knihy
Uloženo v:
LEADER 01175nam a2200325 a 4500
001 000702265
003 CZ BrMZK
005 20060814151412.0
007 ta
008 040108s1978 xr a e 000 0 cze d
040 |a BOA001  |b cze 
043 |a e-xr---  |b e-xr-pg  |2 czenas 
080 |a 796.332  |2 MRF 
080 |a (437.311)  |2 MRF 
080 |a (041)  |2 MRF 
080 |a (082.2)  |2 MRF 
100 1 |a Nesnídal, Jiří,  |c fotbal - Sparta  |4 aut 
245 1 0 |a Sparta :  |b 1893-1978 : 85 let /  |c [připravili Jiří Nesnídal, Jaroslav Pešta a Karel Purkyt] 
260 |a Praha :  |b Odbor přátel Sparty - Sparta-klub :  |b Fotbalový oddíl TJ Sparta ČKD,  |c [1978?] 
300 |a 59 s. :  |b il. ;  |c 24 cm 
500 |a Název a podnázev z obálky 
650 0 7 |a fotbal  |7 ph114578  |z Československo  |x dějiny  |2 czenas 
655 7 |a brožury  |7 fd131925  |2 czenas 
655 7 |a jubilejní publikace  |7 fd131839  |2 czenas 
651 7 |a Praha (Česko)  |7 ge118011  |2 czenas 
700 1 |a Pešta, Jaroslav  |7 xx0023289  |4 aut 
700 1 |a Purkyt, Karel  |4 aut 
910 |a BOA001  |b 2-1128.652 
990 |a BK 
996 6 |b 2610210972  |c 2-1128.652  |l MZK  |r Sklad / do 1 hodiny  |n 2  |p  kup  |w 000702265  |u 000010  |a 1  |e BOA001  |j MZK50  |s P